Match The Lyrics to the Kanye West Song - Statistics

General Stats
  • This quiz has been taken 31,194 times
  • The average score is 17 of 30
Answer Stats
Hint Answer % Correct
Let's have a toast for the douchebags Runaway
82%
Wait 'til I get my money right Can't Tell Me Nothing
78%
I feel like me and Taylor might still have sex Famous
75%
Get down girl, go'n 'head get down Gold Digger
74%
Come up in the spot lookin' extra fly Touch The Sky
72%
Poopy-di scoop Lift Yourself
71%
And I get bleach on my T-shirt Father Stretch My Hands Pt. 1
69%
In the night I hear 'em talk Heartless
69%
N-now-now that, that don't kill me Stronger
67%
God show me the way because the Devil's tryna break me down Jesus Walks
63%
Jerome's in the house, watch your mouth Bound 2
61%
Some day we gon' set it off Ghost Town
60%
As I recall, I know you love to show off Flashing Lights
59%
She got a light-skinned friend look like Michael Jackson Slow Jamz
59%
In the same hospital where Biggie Smalls died Through the Wire
57%
I keep it 300, like the Romans Black Skinhead
55%
Forever ever? Forever ever? Diamonds From Sierra Leone
55%
No Daddy don't play, not when it come to they daughters Violent Crimes
55%
I had to take him to that ghetto university All Of The Lights
51%
This is a God dream Ultralight Beam
50%
I was screaming at my Dad, he told me, "It ain't Christ-like" Follow God
49%
I serve, follow your worth, see with new sight, into the night Praise God
47%
I'm not loving you, the way I wanted to Love Lockdown
45%
Forgot about two things, my black balls Gorgeous
44%
I'm jumping out the window, I'm letting everything go Power
42%
We could've ugh, we could've been somebody Blood On The Leaves
38%
If I get locked up, I won't finish the sent 4th Dimension
36%
When did I become A list? I wasn't even on a list No More Parties In LA
36%
I've been waiting on this my whole life I Wonder
35%
But I ain't even gon' act holier than thou All Falls Down
23%
No matching quizzes found
Score Distribution
Percent of People with Each Score
Percentile by Number Answered
Your Score History
You have not taken this quiz